[Event "52nd Sparkassen Open A"]
[Site "Dortmund GER"]
[Date "2025.08.05"]
[Round "4.17"]
[White "Michalczak, Thomas"]
[Black "Liu, Yan"]
[Result "0-1"]
[WhiteTitle "FM"]
[BlackTitle "GM"]
[WhiteElo "2248"]
[BlackElo "2531"]
[WhiteFideId "4622634"]
[BlackFideId "8608962"]
[EventDate "2025.08.02"]

1. e4 c5 2. c3 d5 3. exd5 Qxd5 4. Nf3 g6 5. Na3 Bg7 6. Bc4 Qe4+ 7. Be2 Nf6 8.
O-O Nc6 9. Re1 O-O 10. Bb5 Qf5 11. Bxc6 bxc6 12. Rxe7 Be6 13. d4 Rfd8 14. Qa4
Bd5 15. Re5 Qc8 16. Qd1 cxd4 17. cxd4 Ne4 18. Ng5 Bxe5 19. dxe5 Qf5 0-1

[Event "52nd Sparkassen Open A"]
[Site "Dortmund GER"]
[Date "2025.08.06"]
[Round "5.1"]
[White "Jumabayev, Rinat"]
[Black "Bluebaum, Matthias"]
[Result "1/2-1/2"]
[WhiteTitle "GM"]
[BlackTitle "GM"]
[WhiteElo "2556"]
[BlackElo "2660"]
[WhiteFideId "13702661"]
[BlackFideId "24651516"]
[EventDate "2025.08.02"]

1. Nf3 d5 2. g3 Bg4 3. Bg2 c6 4. c4 e6 5. cxd5 Bxf3 6. Bxf3 cxd5 7. d4 Nc6 8.
Nc3 f5 9. g4 g6 10. gxf5 gxf5 11. Qb3 Qb6 12. Qxb6 axb6 13. Bf4 Bh6 14. Bxh6
Nxh6 15. e3 Rg8 16. Ke2 Ke7 17. Rhg1 Rxg1 18. Rxg1 Kf6 19. a3 Na5 20. Kd3 Rc8
21. Rc1 Nc6 22. Kd2 Ne7 23. Rg1 Rg8 24. Rg3 Ng4 25. Ke2 Rg7 26. e4 dxe4 27. Bxg4
fxg4 28. Nxe4+ Kf5 29. f3 h5 30. Nf2 Rg5 31. fxg4+ hxg4 32. h3 gxh3 1/2-1/2

[Event "52nd Sparkassen Open A"]
[Site "Dortmund GER"]
[Date "2025.08.06"]
[Round "5.2"]
[White "Kollars, Dmitrij"]
[Black "Engel, Luis"]
[Result "1/2-1/2"]
[WhiteTitle "GM"]
[BlackTitle "GM"]
[WhiteElo "2644"]
[BlackElo "2548"]
[WhiteFideId "12909572"]
[BlackFideId "12961523"]
[EventDate "2025.08.02"]

1. Nf3 d5 2. g3 c6 3. Bg2 Bf5 4. c4 e6 5. Qb3 Qb6 6. d3 Nd7 7. O-O Ngf6 8. Be3
Bc5 9. Bxc5 Nxc5 10. Qa3 a5 11. Nbd2 O-O 12. Rac1 Nfd7 13. Nh4 Bg4 14. d4 Ne4
15. Nxe4 dxe4 16. Rfe1 Nf6 17. h3 Bh5 18. g4 Bg6 19. e3 Qd8 20. Nxg6 hxg6 21.
Qb3 Qe7 22. Red1 Nh7 23. d5 Qh4 24. Qxb7 cxd5 25. cxd5 Rab8 26. Qc7 Rxb2 27. Rc2
Rxc2 28. Qxc2 exd5 29. Rxd5 Ng5 30. Rxa5 f5 31. gxf5 gxf5 32. Qc6 Nxh3+ 33. Bxh3
Qxh3 34. Ra8 Qg4+ 35. Kh2 Qh4+ 1/2-1/2

[Event "52nd Sparkassen Open A"]
[Site "Dortmund GER"]
[Date "2025.08.06"]
[Round "5.3"]
[White "Chen, Qi b"]
[Black "Wagner, Dennis"]
[Result "1/2-1/2"]
[WhiteTitle "IM"]
[BlackTitle "GM"]
[WhiteElo "2468"]
[BlackElo "2617"]
[WhiteFideId "8614733"]
[BlackFideId "24650684"]
[EventDate "2025.08.02"]

1. e4 e5 2. Nf3 Nc6 3. Bb5 a6 4. Ba4 Nf6 5. O-O Be7 6. d3 d6 7. c3 O-O 8. h3 h6
9. Re1 Re8 10. Nbd2 Bf8 11. Nf1 b5 12. Bc2 d5 13. exd5 Qxd5 14. Ng3 Be6 15. Be3
Rad8 16. Qe2 Qd7 17. Bd2 Bd5 18. b4 Qe6 19. a4 Bb3 20. Bxb3 Qxb3 21. axb5 axb5
22. Ne4 Nh7 23. d4 Qd5 24. dxe5 Nxe5 25. Nxe5 Rxe5 26. Bf4 Re6 27. f3 Qc6 28.
Qa2 Nf6 29. Nxf6+ Rxf6 30. Be5 Re6 31. Qf2 Rde8 32. Bd4 Qd5 33. Rxe6 Rxe6 34.
Kh1 Bd6 35. Re1 h5 36. Rxe6 Qxe6 37. Qe3 Qxe3 38. Bxe3 Be5 39. Bd2 Bg3 40. Kg1
f5 41. Kf1 Kf7 42. Ke2 Ke6 43. Kd3 Kd5 44. Be3 g6 45. Bd4 Bf4 46. Bf2 c6 47. Bd4
Bd6 48. Bf2 Be7 49. Bd4 Bf8 50. Bf6 c5 51. bxc5 Bxc5 52. Bh4 Bb6 53. Be1 Bc7 54.
Bf2 Be5 55. Be3 Bd6 1/2-1/2

[Event "52nd Sparkassen Open A"]
[Site "Dortmund GER"]
[Date "2025.08.06"]
[Round "5.4"]
[White "Nitish, Belurkar"]
[Black "Klimkowski, Jan"]
[Result "1-0"]
[WhiteTitle "IM"]
[BlackTitle "GM"]
[WhiteElo "2486"]
[BlackElo "2517"]
[WhiteFideId "5084768"]
[BlackFideId "21856222"]
[EventDate "2025.08.02"]

1. e4 c5 2. Nf3 e6 3. d4 cxd4 4. Nxd4 Nf6 5. Nc3 Nc6 6. Ndb5 Bc5 7. Bf4 O-O 8.
Bc7 Qe7 9. Bd6 Bxd6 10. Qxd6 Qd8 11. O-O-O a6 12. Nd4 Ne7 13. h4 b5 14. h5 h6
15. g4 Bb7 16. Bd3 Nc6 17. Nxc6 Bxc6 18. Rhg1 Qb8 19. Qxb8 Rfxb8 20. e5 Nd5 21.
Nxd5 Bxd5 22. g5 Kf8 23. Rg3 Ke7 24. gxh6 gxh6 25. Rdg1 Rh8 26. Kd2 Rac8 27. Rg7
Bc4 28. Bg6 Rcf8 29. Be4 d6 30. f4 b4 31. Ke3 a5 32. R1g6 d5 33. Bd3 Bxd3 34.
cxd3 Rc8 35. Rf6 Rhf8 36. Rxh6 Rc2 37. f5 d4+ 38. Kf3 exf5 39. Ra6 Rxb2 40. h6
Rh2 41. h7 Rh8 42. Rf6 Rf8 43. Kf4 a4 44. Kxf5 b3 45. axb3 axb3 46. Rb6 Rh5+ 47.
Kf4 Rh8 48. Rb7+ Ke6 49. Rgxf7 Rh4+ 50. Kg5 Rh3 51. Rf6+ Kd5 1-0

[Event "52nd Sparkassen Open A"]
[Site "Dortmund GER"]
[Date "2025.08.06"]
[Round "5.5"]
[White "Parvanyan, Ashot"]
[Black "Deuer, Marius"]
[Result "1-0"]
[WhiteTitle "IM"]
[BlackTitle "IM"]
[WhiteElo "2403"]
[BlackElo "2487"]
[WhiteFideId "13307550"]
[BlackFideId "16236432"]
[EventDate "2025.08.02"]

1. Nf3 d5 2. g3 Nd7 3. d4 Nb6 4. a4 a5 5. Nc3 Bf5 6. Nh4 Bg4 7. Qd3 e6 8. e4 c6
9. Bg2 dxe4 10. Nxe4 Be7 11. h3 Bh5 12. g4 Bg6 13. Nxg6 hxg6 14. g5 Bb4+ 15. c3
Bd6 16. Nxd6+ Qxd6 17. Qg3 Qd7 18. Qe5 f6 19. Qc5 Nd5 20. O-O Nge7 21. Bd2 fxg5
22. Bxg5 Rh5 23. h4 Nf5 24. Bf3 b6 25. Qc4 Rh7 26. h5 gxh5 27. Rfe1 Kf7 28. Re5
Kg6 29. Bd2 Rf8 30. Rae1 Rf6 31. Qe2 Kf7 32. Bxh5+ Rxh5 33. Qxh5+ Rg6+ 34. Kf1
Nf6 35. Qh3 Nd5 36. R1e4 Nf6 37. Re1 Nd5 38. R5e4 e5 39. Qf3 exd4 40. Re5 Rf6
41. Qh5+ g6 42. Qh7+ Ng7 43. c4 1-0

[Event "52nd Sparkassen Open A"]
[Site "Dortmund GER"]
[Date "2025.08.06"]
[Round "5.6"]
[White "Ganguly, Surya Shekhar"]
[Black "Soumya, Swaminathan"]
[Result "1-0"]
[WhiteTitle "GM"]
[BlackTitle "IM"]
[WhiteElo "2566"]
[BlackElo "2216"]
[WhiteFideId "5002150"]
[BlackFideId "5016193"]
[EventDate "2025.08.02"]

1. c4 Nf6 2. g3 g6 3. Bg2 Bg7 4. Nc3 O-O 5. d4 d6 6. h3 Re8 7. Nf3 Nc6 8. O-O e5
9. d5 Nb8 10. e4 a5 11. Be3 Na6 12. Nd2 Nc5 13. a3 Nfd7 14. b4 Nd3 15. Qb3 f5
16. Nb5 f4 17. Ba7 Nf8 18. Qxd3 Bd7 19. c5 Bxb5 20. Qxb5 Rxa7 21. cxd6 cxd6 22.
Nc4 Re7 23. Qb6 Qxb6 24. Nxb6 Rc7 25. Rfc1 Rxc1+ 26. Rxc1 axb4 27. axb4 fxg3 28.
fxg3 Ra3 29. Kh2 Rb3 30. Nc8 Bh6 31. Rc7 Rxb4 32. Nxd6 b6 33. h4 Be3 34. Ne8 Bc5
35. d6 Rd4 36. Nf6+ Kh8 37. d7 1-0

[Event "52nd Sparkassen Open A"]
[Site "Dortmund GER"]
[Date "2025.08.06"]
[Round "5.7"]
[White "Xiao, Tong(QD)"]
[Black "Korchynskyi, Mykola"]
[Result "1-0"]
[WhiteTitle "GM"]
[BlackTitle "FM"]
[WhiteElo "2539"]
[BlackElo "2359"]
[WhiteFideId "8622388"]
[BlackFideId "34138005"]
[EventDate "2025.08.02"]

1. e4 c6 2. d4 d5 3. e5 Bf5 4. Nf3 e6 5. Be2 Ne7 6. O-O c5 7. c4 Nbc6 8. dxc5 d4
9. Qb3 Qd7 10. Rd1 Ng6 11. Nc3 f6 12. exf6 gxf6 13. Nd5 Kf7 14. Qb5 exd5 15.
cxd5 Nce5 16. Nxd4 Qxb5 17. Bxb5 Bg4 18. f3 Bxf3 19. gxf3 Bxc5 20. Kf2 Rhd8 21.
Ba4 Nh4 22. Be3 Rg8 23. Rg1 Bxd4 24. Bxd4 Nexf3 25. Rxg8 Rxg8 26. Bc3 Rg2+ 27.
Ke3 Ne5 28. Rf1 Nc4+ 29. Kd4 Nd6 30. Kd3 f5 31. Bd7 Ke7 32. Be6 Rxh2 33. a3 Rh3+
34. Kc2 Ng2 35. Kb1 Rh4 36. Bb4 a5 37. Bxa5 Nf4 38. Re1 Nxe6 39. Rxe6+ Kd7 40.
Bb4 Nc4 41. b3 Rh1+ 42. Kc2 Rh2+ 43. Kc3 Nd2 44. Re7+ Kc8 45. Rf7 Ne4+ 46. Kd4
Ng5 47. Rxf5 h6 48. Rf8+ Kd7 49. Rg8 Rf2 50. Rg6 Rf4+ 51. Kc5 Rf6 52. Rxf6 Ne4+
53. Kb6 Nxf6 54. Kxb7 Nxd5 55. Be1 Nc7 56. a4 Ne6 57. a5 Nd8+ 58. Kb6 Kc8 59.
Bg3 1-0

[Event "52nd Sparkassen Open A"]
[Site "Dortmund GER"]
[Date "2025.08.06"]
[Round "5.8"]
[White "Gavrilescu, David"]
[Black "Svanda, Ondrej"]
[Result "1-0"]
[WhiteTitle "GM"]
[BlackTitle "IM"]
[WhiteElo "2531"]
[BlackElo "2358"]
[WhiteFideId "1227190"]
[BlackFideId "359670"]
[EventDate "2025.08.02"]

1. e4 c5 2. Nf3 Nc6 3. Bb5 g6 4. O-O Bg7 5. Re1 e5 6. b4 Nxb4 7. Bb2 a6 8. a3
axb5 9. axb4 Rxa1 10. Bxa1 d6 11. bxc5 Ne7 12. cxd6 Qxd6 13. Nc3 b4 14. Nd5 Nxd5
15. exd5 Qxd5 16. Bxe5 O-O 17. Bxg7 Kxg7 18. d3 Be6 19. Qa1+ f6 20. Qb2 Qd6 21.
Re4 b3 22. cxb3 Bd5 23. Re3 Bxf3 24. Rxf3 Re8 25. g4 Qc6 26. Kg2 Re5 27. Qd4 h5
28. h3 h4 29. Qc4 Rc5 30. Qe4 Re5 31. Qxc6 bxc6 32. d4 Rd5 33. Rd3 f5 34. gxf5
Rxf5 35. Rc3 Rf4 36. Rc4 Rf6 37. f3 Kf7 38. Kf2 Ke7 39. Ke3 Kd6 40. Rc5 Kd7 41.
d5 cxd5 42. Rxd5+ Ke7 43. b4 Ra6 44. Kf4 Ra3 45. Kg4 Kf6 46. f4 Rc3 47. Rd6+ Kf7
48. Rb6 Rc4 49. Kg5 1-0

[Event "52nd Sparkassen Open A"]
[Site "Dortmund GER"]
[Date "2025.08.06"]
[Round "5.9"]
[White "Liu, Yan"]
[Black "Otsuka, Shou"]
[Result "1-0"]
[WhiteTitle "GM"]
[BlackTitle "FM"]
[WhiteElo "2531"]
[BlackElo "2350"]
[WhiteFideId "8608962"]
[BlackFideId "7004702"]
[EventDate "2025.08.02"]

1. c4 e6 2. g3 d5 3. Bg2 Nf6 4. Nf3 Be7 5. O-O O-O 6. d4 a5 7. Qc2 Nc6 8. Bf4
Nb4 9. Qc1 dxc4 10. Na3 b6 11. Nxc4 Ba6 12. Rd1 Nbd5 13. Nfe5 Qe8 14. e4 Nxf4
15. Qxf4 Bb7 16. Ng4 Nxg4 17. Qxg4 Qb5 18. Qe2 Rad8 19. Qc2 Qa6 20. Ne5 Bd6 21.
Nc6 Bxc6 22. Qxc6 e5 23. Qc2 Qc8 24. b3 exd4 25. Rxd4 Bc5 26. Rxd8 Qxd8 27. Rd1
Bd4 28. Bf1 Qf6 29. Kg2 Rd8 30. Bc4 Bc5 31. Rxd8+ Qxd8 32. e5 Qa8+ 33. f3 Qd8
34. Qf5 Qe8 35. a4 g6 36. Qe4 Kg7 37. h4 Qd7 38. Qf4 Qe7 39. h5 gxh5 40. Qf5 Bd4
41. f4 f6 42. Bd3 Kh6 43. e6 Bc5 44. Be2 h4 45. g4 Kg7 46. Bd3 Kf8 47. Kh3 c6
48. Bc4 Kg7 49. Bd3 Kf8 50. Kxh4 Qg7 51. Kg3 Qg6 52. Qxc5+ bxc5 53. Bxg6 hxg6
54. f5 g5 55. Kf3 c4 56. bxc4 Ke8 57. Ke3 Ke7 58. Ke4 1-0

[Event "52nd Sparkassen Open A"]
[Site "Dortmund GER"]
[Date "2025.08.06"]
[Round "5.10"]
[White "Malek, Jan"]
[Black "Falkevall, Axel"]
[Result "1-0"]
[WhiteTitle "GM"]
[BlackTitle "FM"]
[WhiteElo "2526"]
[BlackElo "2346"]
[WhiteFideId "21864080"]
[BlackFideId "1735560"]
[EventDate "2025.08.02"]

1. d4 Nf6 2. c4 e6 3. Nc3 Bb4 4. Nf3 O-O 5. Bg5 h6 6. Bh4 c5 7. Rc1 cxd4 8. Nxd4
Nc6 9. e3 d5 10. cxd5 Qxd5 11. Nxc6 Qxd1+ 12. Kxd1 bxc6 13. Bd3 Nd5 14. Na4 e5
15. Bg3 f6 16. Ke2 Be6 17. a3 Be7 18. e4 Nb6 19. Nxb6 axb6 20. Rxc6 Kf7 21. f3
Rfb8 22. Bf2 b5 23. Rc7 Kf8 24. Ba7 Rc8 25. Rhc1 b4 26. a4 Rxc7 27. Rxc7 Bd6 28.
Rc6 Rxa7 29. Rxd6 Bb3 30. Ra6 Rxa6 31. Bxa6 Bxa4 32. Kd3 Bb3 33. Bb7 Ke7 34. Bd5
Bxd5 35. exd5 Kd6 36. Kc4 f5 37. Kxb4 Kxd5 38. Kc3 Kc5 39. h4 g6 40. b3 g5 41.
b4+ Kd5 42. hxg5 hxg5 43. Kd3 f4 44. b5 e4+ 45. fxe4+ Kc5 46. e5 Kxb5 47. Ke4
Kc6 48. Kf5 Kd5 49. e6 1-0

[Event "52nd Sparkassen Open A"]
[Site "Dortmund GER"]
[Date "2025.08.06"]
[Round "5.11"]
[White "Cornette, Matthieu"]
[Black "Moeller, Maurin"]
[Result "1-0"]
[WhiteTitle "GM"]
[BlackTitle "FM"]
[WhiteElo "2524"]
[BlackElo "2336"]
[WhiteFideId "620084"]
[BlackFideId "16265696"]
[EventDate "2025.08.02"]

1. e4 e6 2. d4 d5 3. e5 c5 4. c3 Nc6 5. Nf3 Bd7 6. Be2 Nge7 7. Na3 cxd4 8. cxd4
Nf5 9. Nc2 Be7 10. O-O O-O 11. Bd3 Rc8 12. Bd2 f6 13. exf6 Rxf6 14. Bg5 Rf8 15.
Bxe7 Qxe7 16. Re1 Kh8 17. Qd2 Nh4 18. Ne5 Nxe5 19. Rxe5 Qf6 20. Ne1 Be8 21. Qe3
Rc6 22. Bb5 Rb6 23. Bxe8 Rxe8 24. Nd3 Nf5 25. Qf4 Nd6 26. b3 Rc6 27. Rae1 Kg8
28. Qg4 Rc3 29. Nf4 Rc2 30. f3 Rxa2 31. Nh5 Qf7 32. Nxg7 1-0

[Event "52nd Sparkassen Open A"]
[Site "Dortmund GER"]
[Date "2025.08.06"]
[Round "5.12"]
[White "Zwirs, Nico"]
[Black "Herrmann, Jakob"]
[Result "1-0"]
[WhiteTitle "IM"]
[BlackTitle "FM"]
[WhiteElo "2436"]
[BlackElo "2283"]
[WhiteFideId "1036432"]
[BlackFideId "16287169"]
[EventDate "2025.08.02"]

1. e4 c6 2. d4 d5 3. e5 Bf5 4. h4 h5 5. Bd3 Bxd3 6. Qxd3 Qa5+ 7. Nd2 Qa6 8. c4
e6 9. Ngf3 Nh6 10. O-O Nf5 11. b3 Nd7 12. a4 Bb4 13. Ba3 Bxa3 14. Rxa3 O-O 15.
Qc3 c5 16. dxc5 Nxc5 17. cxd5 Rac8 18. d6 f6 19. b4 Nd7 20. Qb3 Rfe8 21. Ne4 Qc4
22. Qb1 fxe5 23. Rc3 Qd5 24. Rd1 Nd4 25. Nxd4 exd4 26. Rf3 Ne5 27. Rg3 Rf8 28.
Rg5 d3 29. Qb2 Qxe4 30. Qxe5 Qxe5 31. Rxe5 Rf4 32. Rxd3 Rxh4 33. g3 Rxb4 34.
Rxe6 Rd8 35. a5 Rb5 36. Re7 Rxa5 37. d7 Kf8 38. Rde3 1-0

[Event "52nd Sparkassen Open A"]
[Site "Dortmund GER"]
[Date "2025.08.06"]
[Round "5.13"]
[White "Peyrer, Konstantin"]
[Black "Choukri, Adel"]
[Result "1/2-1/2"]
[WhiteTitle "IM"]
[BlackTitle "FM"]
[WhiteElo "2490"]
[BlackElo "2297"]
[WhiteFideId "1640879"]
[BlackFideId "9000399"]
[EventDate "2025.08.02"]

1. c4 b6 2. Nc3 Bb7 3. d4 Nf6 4. Bg5 e6 5. a3 Be7 6. e3 Ne4 7. Bxe7 Qxe7 8. Nxe4
Bxe4 9. Nf3 O-O 10. Bd3 Bb7 11. O-O d6 12. Nd2 Nd7 13. f4 c5 14. dxc5 dxc5 15.
Be4 1/2-1/2

[Event "52nd Sparkassen Open A"]
[Site "Dortmund GER"]
[Date "2025.08.06"]
[Round "5.14"]
[White "Rathanvel, V S"]
[Black "Georgiadis, Anastasios"]
[Result "1/2-1/2"]
[WhiteTitle "IM"]
[WhiteElo "2486"]
[BlackElo "2233"]
[WhiteFideId "25002112"]
[BlackFideId "25870173"]
[EventDate "2025.08.02"]

1. e4 e6 2. d4 d5 3. Nc3 Nf6 4. e5 Nfd7 5. f4 c5 6. Nf3 Nc6 7. Be3 Be7 8. Qd2
O-O 9. dxc5 Bxc5 10. O-O-O Qb6 11. Nd4 Nxd4 12. Bxd4 Bxd4 13. Qxd4 Qxd4 14. Rxd4
a6 15. g3 b5 16. a4 bxa4 17. Nxa4 Bb7 18. Be2 Bc6 19. b3 a5 20. Kd2 f6 21. Bg4
Rae8 22. exf6 1/2-1/2

[Event "52nd Sparkassen Open A"]
[Site "Dortmund GER"]
[Date "2025.08.06"]
[Round "5.15"]
[White "Dau Khuong Duy"]
[Black "Gallas, Noel"]
[Result "1-0"]
[WhiteTitle "IM"]
[WhiteElo "2462"]
[BlackElo "2184"]
[WhiteFideId "12424722"]
[BlackFideId "16216059"]
[EventDate "2025.08.02"]

1. e4 e6 2. d4 d5 3. Nc3 Nf6 4. e5 Nfd7 5. f4 c5 6. Nf3 Nc6 7. Be3 Be7 8. Qd2
O-O 9. dxc5 Qa5 10. O-O-O b6 11. cxb6 Nxb6 12. Nd4 Nxd4 13. Bxd4 Bd7 14. h4 Rfc8
15. f5 Nc4 16. Bxc4 Rxc4 17. f6 Bf8 18. Rh3 Rb8 19. b3 Rbb4 20. Rd3 Rc8 21. Rg3
g6 22. h5 Rcc4 23. hxg6 Rxd4 24. gxh7+ Kxh7 25. Qxd4 Rxd4 26. Rh1+ Bh6+ 27. Kb2 1-0

[Event "52nd Sparkassen Open A"]
[Site "Dortmund GER"]
[Date "2025.08.06"]
[Round "5.16"]
[White "Yu, Zechen"]
[Black "Gschnitzer, Adrian"]
[Result "1/2-1/2"]
[BlackTitle "IM"]
[WhiteElo "2297"]
[BlackElo "2445"]
[WhiteFideId "8649138"]
[BlackFideId "1270337"]
[EventDate "2025.08.02"]

1. e4 c5 2. Nf3 Nc6 3. Bb5 g6 4. Bxc6 bxc6 5. O-O Bg7 6. Re1 Qc7 7. c3 d6 8. h3
Nf6 9. d4 cxd4 10. cxd4 O-O 11. Nc3 c5 12. d5 Nd7 13. Be3 Rb8 14. Qc2 Qa5 15.
Rac1 Ba6 16. Qd2 Rfc8 17. Bf4 Qc7 18. Rc2 Rb4 19. Bh6 Bh8 20. Rec1 Qb7 21. b3 c4
22. Ne2 Nc5 23. bxc4 Nxe4 24. Qd3 Nc5 25. Qe3 e5 26. dxe6 fxe6 27. Ng5 e5 28.
Ng3 Bg7 29. Bxg7 Kxg7 30. N3e4 Qe7 31. Rd2 1/2-1/2

[Event "52nd Sparkassen Open A"]
[Site "Dortmund GER"]
[Date "2025.08.06"]
[Round "5.17"]
[White "Vaganian, Rafael A"]
[Black "Panjer, Sidney"]
[Result "1-0"]
[WhiteTitle "GM"]
[WhiteElo "2449"]
[BlackElo "2197"]
[WhiteFideId "13300016"]
[BlackFideId "16207041"]
[EventDate "2025.08.02"]

1. Nf3 d5 2. g3 Nf6 3. Bg2 e6 4. O-O Be7 5. d3 O-O 6. Nbd2 Nc6 7. e4 dxe4 8.
dxe4 e5 9. c3 Qd3 10. Re1 Be6 11. Bf1 Qd8 12. b4 a6 13. a4 Ne8 14. Bb2 f6 15.
Bc4 Qd7 16. Nb3 Kh8 17. Qxd7 Bxd7 18. Nh4 Nd8 19. Nf5 Nd6 20. Nxd6 Bxd6 21. f3
Nf7 22. Kg2 g5 23. h3 h5 24. Red1 g4 25. fxg4 hxg4 26. h4 Bc6 27. Bd5 Bxd5 28.
Rxd5 f5 29. exf5 Nh6 30. c4 Nxf5 31. Re1 Bxb4 32. Rexe5 Ng7 33. Rd7 Rg8 34. Rh5# 1-0

[Event "52nd Sparkassen Open A"]
[Site "Dortmund GER"]
[Date "2025.08.07"]
[Round "6.1"]
[White "Bluebaum, Matthias"]
[Black "Parvanyan, Ashot"]
[Result "1-0"]
[WhiteTitle "GM"]
[BlackTitle "IM"]
[WhiteElo "2660"]
[BlackElo "2403"]
[WhiteFideId "24651516"]
[BlackFideId "13307550"]
[EventDate "2025.08.02"]

1. d4 Nf6 2. c4 g6 3. Nc3 Bg7 4. e4 d6 5. Be2 O-O 6. Nf3 e5 7. d5 a5 8. h3 Na6
9. Bg5 Nc5 10. Qc2 c6 11. Nd2 Bd7 12. O-O Rc8 13. Rac1 h6 14. Be3 cxd5 15. cxd5
Nh5 16. Nc4 Nf4 17. Nxd6 Bxh3 18. Nxc8 Nxg2 19. Qd2 Qh4 20. Ne7+ Kh7 21. Bf3 Nf4
22. Ne2 Ncd3 23. Bxf4 Nxf4 24. Nxf4 exf4 25. d6 Qg5+ 26. Kh2 Bxf1 27. Rxf1 Bd4
28. Qxd4 Qh4+ 29. Kg2 1-0

[Event "52nd Sparkassen Open A"]
[Site "Dortmund GER"]
[Date "2025.08.07"]
[Round "6.2"]
[White "Engel, Luis"]
[Black "Jumabayev, Rinat"]
[Result "1-0"]
[WhiteTitle "GM"]
[BlackTitle "GM"]
[WhiteElo "2548"]
[BlackElo "2556"]
[WhiteFideId "12961523"]
[BlackFideId "13702661"]
[EventDate "2025.08.02"]

1. e4 c5 2. Nf3 e6 3. d4 cxd4 4. Nxd4 a6 5. Bd3 Bc5 6. Nb3 Ba7 7. O-O Nc6 8. Qg4
Qf6 9. Bg5 Qg6 10. Qh4 Nge7 11. Re1 Ne5 12. Be2 f6 13. Bh5 fxg5 14. Bxg6+ N7xg6
15. Qxg5 O-O 16. Rf1 b5 17. N1d2 Rb8 18. Nc1 b4 19. Kh1 Rb5 20. Qg3 Nf4 21. Nf3
Neg6 22. Nd3 Bb8 23. Nxf4 Nxf4 24. Rad1 Nh5 25. Qh4 Rf4 26. Qd8+ Rf8 27. Rxd7
Nf6 28. Qxf8+ Kxf8 29. Rd8+ Ke7 30. Rxc8 1-0

[Event "52nd Sparkassen Open A"]
[Site "Dortmund GER"]
[Date "2025.08.07"]
[Round "6.3"]
[White "Nitish, Belurkar"]
[Black "Xiao, Tong(QD)"]
[Result "1/2-1/2"]
[WhiteTitle "IM"]
[BlackTitle "GM"]
[WhiteElo "2486"]
[BlackElo "2539"]
[WhiteFideId "5084768"]
[BlackFideId "8622388"]
[EventDate "2025.08.02"]

1. e4 c5 2. Nf3 Nc6 3. d4 cxd4 4. Nxd4 Nf6 5. Nc3 d6 6. Bg5 Bd7 7. Nxc6 Bxc6 8.
Bxf6 gxf6 9. Bb5 e6 10. Qd3 Qb6 11. f4 O-O-O 12. O-O-O h5 13. Kb1 Kb8 14. f5 d5
15. fxe6 fxe6 16. exd5 Bxd5 17. Bc4 Ba3 18. Na4 Bxc4 19. Qxc4 Qb4 20. Qxe6 Qxa4
21. bxa3 Qb5+ 22. Qb3 Qe2 23. Qg3+ 1/2-1/2

[Event "52nd Sparkassen Open A"]
[Site "Dortmund GER"]
[Date "2025.08.07"]
[Round "6.4"]
[White "Zwirs, Nico"]
[Black "Kollars, Dmitrij"]
[Result "1/2-1/2"]
[WhiteTitle "IM"]
[BlackTitle "GM"]
[WhiteElo "2436"]
[BlackElo "2644"]
[WhiteFideId "1036432"]
[BlackFideId "12909572"]
[EventDate "2025.08.02"]

1. e4 e5 2. Nf3 Nc6 3. Bc4 Nf6 4. d3 h6 5. O-O d6 6. a4 g6 7. a5 a6 8. Re1 Bg7
9. Nc3 O-O 10. h3 Qe8 11. Be3 Kh7 12. Qb1 Bd7 13. b4 Nh5 14. Nd5 Qd8 15. Qd1 Nf6
16. Nxf6+ Qxf6 17. c3 Qe7 18. d4 Rae8 19. d5 Nd8 20. Bd3 f5 21. c4 Nf7 22. Ra3
Bf6 23. c5 Ng5 24. Nxg5+ Bxg5 25. Bxg5 Qxg5 26. Qc1 Qh4 27. Qc2 Re7 28. Rc3 Ref7
29. cxd6 cxd6 30. exf5 gxf5 31. Rc7 Kg8 32. Bf1 Qg5 33. Qc3 Bb5 34. Bxb5 axb5
35. Rxf7 Rxf7 36. Qc1 f4 37. Qc8+ Kh7 38. f3 Rg7 39. Re2 Qg6 40. Qc2 Re7 41. Qc8
Rg7 42. Qc2 h5 43. Kf1 Rf7 44. Qc3 Qf5 45. Kg1 Rg7 46. Qc2 Kg6 47. Qc3 Kh6 48.
Kh1 Kh7 49. Kh2 Qg6 50. Kg1 Kh6 51. Qc8 Kh7 52. Qc3 Re7 53. Kh1 Qf5 54. Kg1 Kg6
55. Kf1 e4 56. fxe4 Rxe4 57. Rxe4 Qxe4 58. Qh8 Qxd5 59. Qe8+ Kg5 60. Qe7+ Kf5
61. Qh7+ Ke6 62. Qh6+ Kd7 63. Qxf4 Kc7 64. Qc1+ Kb8 65. Qf4 Kc7 66. Qc1+ Kd7 67.
Qf4 Qe6 68. Kf2 Qa2+ 69. Kg3 Qg8+ 70. Kf2 Qa2+ 71. Kg3 Qc4 72. Kf3 h4 73. Qe4 d5
74. Qf5+ Kc7 75. Qe5+ Kd7 76. Qf5+ Kd8 77. Qf6+ Kc8 78. Qf8+ Kc7 79. Qe7+ Kb8
80. Qd8+ Ka7 81. Qb6+ Ka8 82. Qd8+ Ka7 83. Qb6+ 1/2-1/2

[Event "52nd Sparkassen Open A"]
[Site "Dortmund GER"]
[Date "2025.08.07"]
[Round "6.5"]
[White "Wagner, Dennis"]
[Black "Dau Khuong Duy"]
[Result "0-1"]
[WhiteTitle "GM"]
[BlackTitle "IM"]
[WhiteElo "2617"]
[BlackElo "2462"]
[WhiteFideId "24650684"]
[BlackFideId "12424722"]
[EventDate "2025.08.02"]

1. d4 Nf6 2. c4 c5 3. d5 e6 4. Nc3 exd5 5. cxd5 d6 6. e4 g6 7. f4 Bg7 8. Bb5+
Nfd7 9. a4 O-O 10. Nf3 Na6 11. O-O Nb4 12. h3 a6 13. Bc4 Nb6 14. Be2 a5 15. Kh1
h6 16. Be3 Kh7 17. Qd2 Re8 18. f5 gxf5 19. Nh2 Qe7 20. Rf2 fxe4 21. Raf1 f5 22.
Rxf5 Bxf5 23. Rxf5 Qd7 24. Rh5 Re5 25. Rxe5 dxe5 26. d6 Qf7 27. Ng4 Nc4 28. Bxc4
Qxc4 29. Bxh6 Qd3 30. Nxe4 Qb1+ 31. Kh2 Qxe4 32. Bxg7 Qf4+ 33. Qxf4 exf4 34. Be5
Kg6 35. Bxf4 Kf5 36. Bg3 Nd5 37. Ne5 Nb6 38. b3 Ke6 39. Nd3 c4 40. bxc4 Nxa4 41.
h4 Rc8 42. h5 Nc5 43. Nf4+ Kxd6 44. Ng6+ Ke6 45. Be5 Ne4 46. h6 Nf6 47. Kh3 Rg8
48. Bxf6 Kxf6 49. h7 Ra8 50. h8=Q+ Rxh8+ 51. Nxh8 a4 0-1